Justificación de inversiones y secreto bancario
Uloženo v:
| Hlavní autor: | |
|---|---|
| Médium: | Kniha |
| Jazyk: | španělština |
| Vydáno: |
Santiago
Thomson Reuters Puntolex
2010
|
| Témata: | |
| Tagy: |
Přidat tag
Žádné tagy, Buďte první, kdo vytvoří štítek k tomuto záznamu!
|
MARC
| LEADER | 00000nam a2200000 a 4500 | ||
|---|---|---|---|
| 001 | UCG4748 | ||
| 003 | CL-VaPUC | ||
| 008 | 101125e20101103CL |||||||||||||||||spa|d | ||
| 020 | |a 9789563370546 | ||
| 082 | 0 | 4 | |a 346.082 |b UGA |2 21 |
| 100 | 0 | |a Ugalde Prieto, Rodrigo |e author |9 554202 | |
| 245 | 1 | 0 | |a Justificación de inversiones y secreto bancario |
| 300 | |a 352 p | ||
| 942 | |c BK | ||
| 945 | |d 20101125 00:00:00 |a mfarfan | ||
| 260 | |a Santiago |b Thomson Reuters Puntolex |c 2010 | ||
| 650 | 0 | |a Bancos |9 254963 | |
| 650 | 7 | |a SECRETO BANCARIO |2 CL-VaPUC |9 430784 | |
| 650 | 0 | |a Inversiones |9 261520 | |
| 583 | |a last modification |c 20101125 00:00:00 |k Rodrigo Vera | ||
| 999 | |c 343397 |d 343395 | ||
| 952 | |0 0 |1 0 |4 0 |6 346_082000000000000_UGA_2010 |7 0 |8 A |9 440685 |a BIBDER |b BIBDER |d 2019-11-22 |i 4738306 |o 346.082 UGA 2010 |p 4738306 |r 2023-01-25 |w 2019-11-22 |y BK |k DER | ||